01374 a2200169 45000010006000000050017000060080041000230030015000640400040000790800022001192450038001410200018001792640032001973000019002295050929002481000027011772832120260407155555.0260407a1989 arg spa dAR-UNSa-BCEJYS aAR-UNSa-BCEJYSbspacAR-UNSa-BCEJYS a657xContabilidad10aNuevas normas contables 1984-1988 a950-9109-89-4 1aRosario :bNova Tesisc1989 a366 p.c23 cm. a1. La sanción de normas contables en la argentina - 2. Los principales novedades 1984-1988 - 3. La RT4sobre consolidación de estados contables - 4. La RT5 sobre valuación de inversiones en sociedades controladas y vinculadas - 5. La RT6 sobre ajustes por inflación - 6. La RT8 y 9 sobre exposiciones contables - 7. El informe 13 sobre normas contables profesionales - 8. El proyecto de unificación de la legislación civil y comercial - 9. Proyectos legislativos sobre ajustes por inflación - 10. Normas contables profesionales - 11. Normas de inspección general de justicia - 12. Normas de la comisión nacional de valores - 13. Normas del banco central de la república argentina - 14. Normas de la superintendencia de seguros de la nación - 15. Normas de la secretaria de acción cooperativa - 16. Normas del instituto nacional de acción mutual - 17. Normas del instituto nacional de obras sociales.1 aFowler Newton, Enrique